000 00819nam a2200253 a 4500
001 ES-MaREB00060796-1
003 OSt
005 20151019143354.0
008 020226s2000 esp 0011 spa d
020 _a84-339-1129-5
040 _cBMC
082 _a853
100 1 _aTabucchi, Antonio
_936875
_d1943-2012
245 1 4 _aLos volátiles del Beato Angélico
_cAntonio Tabucchi; traducción, Javier González Rovira y Carlos Gumpert Melgosa
260 _aBarcelona
_bAnagrama
_cD.L. 1991
300 _a129 p.
_c20 cm
490 0 _aPanorama de narrativas
_v208
500 _aIndice.
546 _aTraducción de: I vlatili del Beato Angélico
650 2 4 _929384
_aNovela italiana
700 1 _aGonzález Rovira, Xavier
_936877
700 1 _aGumpert Melgosa, Carlos
_936876
942 _2ddc
_cBK
_hprozim
999 _c23040
_d23040